书目信息 |
| 题名: |
焊接材料工艺性的信息化技术
|
|
| 作者: | 王宝 , 宋永伦 著 | |
| 分册: | ||
| 出版信息: | 北京 机械工业出版社 2018.06 |
|
| 页数: | X, 366页 | |
| 开本: | 26cm | |
| 丛书名: | 先进焊接技术系列 | |
| 单 册: | ||
| 中图分类: | TG42-39 | |
| 科图分类: | ||
| 主题词: | 信息技术--xin xi ji shu--应用--焊接材料--材料工艺 | |
| 电子资源: | ||
| ISBN: | 978-7-111-59386-7 | |
| 000 | 01264nam 2200289 450 | |
| 001 | 202019135366 | |
| 005 | 20191007123107.0 | |
| 010 | @a978-7-111-59386-7@dCNY89.00 | |
| 100 | @a20191004d2018 em y0chiy50 ea | |
| 101 | 0 | @achi |
| 102 | @aCN@b110000 | |
| 105 | @aak a 000yy | |
| 106 | @ar | |
| 200 | 1 | @a焊接材料工艺性的信息化技术@Ahan jie cai liao gong yi xing de xin xi hua ji shu@e焊接材料工艺性数字化、信息化的具体实践@f王宝, 宋永伦著 |
| 210 | @a北京@c机械工业出版社@d2018.06 | |
| 215 | @aX, 366页@c图@d26cm | |
| 225 | 2 | @a先进焊接技术系列@Axian jin han jie ji shu xi lie |
| 320 | @a有书目 | |
| 330 | @a本书讨论了电弧焊焊接材料工艺性问题。作者采用熔滴行为高速摄影技术和汉诺威分析仪获取焊接材料在焊接过程中的数字信息, 并对其特征量及物理意义进行分析和解读, 提出了基于数据信息的电弧焊焊接材料 (焊条、焊丝) 电弧物理特性分析及工艺性定量评价方法。 | |
| 410 | 0 | @12001 @a先进焊接技术系列 |
| 517 | 1 | @a焊接材料工艺性数字化、信息化的具体实践@Ahan jie cai liao gong yi xing shu zi hua 、xin xi hua de ju ti shi jian |
| 606 | 0 | @a信息技术@Axin xi ji shu@x应用@x焊接材料@x材料工艺 |
| 690 | @aTG42-39@v5 | |
| 701 | 0 | @a王宝@Awang bao@4著 |
| 701 | 0 | @a宋永伦@Asong yong lun@4著 |
| 801 | 0 | @aCN@c20190905 |
| 905 | @a河南城建学院图书馆@dTG42-39@eW106 | |
| 焊接材料工艺性的信息化技术:焊接材料工艺性数字化、信息化的具体实践/王宝, 宋永伦著.-北京:机械工业出版社,2018.06 |
| X, 366页:图;26cm.-(先进焊接技术系列) |
| ISBN 978-7-111-59386-7:CNY89.00 |
| 本书讨论了电弧焊焊接材料工艺性问题。作者采用熔滴行为高速摄影技术和汉诺威分析仪获取焊接材料在焊接过程中的数字信息, 并对其特征量及物理意义进行分析和解读, 提出了基于数据信息的电弧焊焊接材料 (焊条、焊丝) 电弧物理特性分析及工艺性定量评价方法。 |
| ● |
| 相关链接 |
|
|
|
正题名:焊接材料工艺性的信息化技术
索取号:TG42-39/W106
 
预约/预借
| 序号 | 登录号 | 条形码 | 馆藏地/架位号 | 状态 | 备注 |
| 1 | 1444063 | 214440639 | 自科库501/501自科库 26排4列3层/ [索取号:TG42-39/W106] | 在馆 | |
| 2 | 1444064 | 214440648 | 自科库501/501自科库 26排4列3层/ [索取号:TG42-39/W106] | 在馆 |